Statistics for U.S. Supermarket Products

Click here to take the quiz!

General Stats

  • This quiz has been taken 57,580 times
    (57,546 since last reset)
  • The average score is 45 of 69

Answer Stats

BrandType of Product% Correct
LaysPotato Chip
95%
GhirardelliChocolate
90%
HeinzKetchup
90%
LiptonTea
89%
Kellogg'sCereal
88%
DuracellBattery
87%
RitzCracker
86%
PampersDiaper
86%
ListerineMouthwash
85%
Chips Ahoy!Cookie
84%
TropicanaOrange Juice
83%
CrestToothpaste
83%
Campbell'sSoup
82%
SnickersCandy Bar
81%
TideLaundry Detergent
80%
Juicy FruitChewing Gum
78%
PlantersPeanut
78%
CharminToilet Paper
78%
Old SpiceDeodorant
77%
EggoWaffle
76%
DannonYoghurt
76%
EvianBottled Water
75%
FolgersCoffee
75%
TrojanCondom
75%
Hellman'sMayonnaise
75%
RaguPasta Sauce
75%
Uncle Ben'sRice
75%
BountyPaper Towel
73%
ChiquitaBanana
72%
CloroxBleach
71%
GerberBaby Food
70%
Reddi-WhipWhip Cream
70%
Orville
Redenbacher's
Popcorn
69%
BreyersIce Cream
68%
Hidden ValleyRanch Dressing
68%
Arm & HammerBaking Soda
65%
Mrs. ButterworthSyrup
64%
Chicken of the SeaTuna
64%
Jimmy DeanSausage
63%
A1Steak Sauce
63%
CoppertoneSunscreen
63%
Grey PouponMustard
61%
GladeAir Freshener
60%
FritosCorn Chip
60%
Jet-PuffedMarshmallow
60%
Swiss MissHot Chocolate
59%
DoritosTortilla Chip
59%
Ball ParkHot Dog
58%
Peter PanPeanut Butter
58%
Lever 2000Soap
58%
KikkomanSoy Sauce
58%
VlasicPickle
57%
BayerAspirin
55%
Honey MaidGraham Cracker
55%
TombstonePizza
55%
Rold GoldPretzel
53%
PaceSalsa
52%
BarbasolShaving Cream
52%
DowneyFabric Softener
50%
BrutCologne
49%
MortonSalt
49%
KC MasterpieceBBQ Sauce
45%
ShoutStain Remover
44%
MaruchanRamen
42%
ParkayMargarine
41%
Lea & PerrinsWorcestershire
Sauce
33%
Lender'sBagel
25%
Mauna LoaMacadamia Nut
22%
Charles ShawWine
18%

Score Distribution

Percentile by Number Answered

Percent of People with Each Score

Your Score History

You have not taken this quiz since the last reset